Central Library and Information Centre
Sibsagar Girls' College, Sivasagar : Assam

ECONOMICS OF DEVELOPMENT AND PLANNING THEORY AND PRACTICE (Record no. 6199)

MARC details
000 -LEADER
fixed length control field 00451cam a2200181ua 4500
008 - FIXED-LENGTH DATA ELEMENTS--GENERAL INFORMATION
fixed length control field 060101n1994 II |||gr||||Z||||||eng
040 ## - CATALOGING SOURCE
Original cataloging agency MAIN
041 ## - LANGUAGE CODE
-- English
082 ## - DEWEY DECIMAL CLASSIFICATION NUMBER
Classification number 338.9 MIS
100 ## - MAIN ENTRY--PERSONAL NAME
Personal name MISRA.
245 ## - TITLE STATEMENT
Title ECONOMICS OF DEVELOPMENT AND PLANNING THEORY AND PRACTICE
260 ## - PUBLICATION, DISTRIBUTION, ETC.
Place of publication, distribution, etc. MUMBAI
Name of publisher, distributor, etc. HIMALAYA PUBLISHING HOUSE
Date of publication, distribution, etc. 1994
300 ## - PHYSICAL DESCRIPTION
Extent 876:
Dimensions 25CM.
700 ## - ADDED ENTRY--PERSONAL NAME
Personal name PURI.
942 ## - ADDED ENTRY ELEMENTS (KOHA)
Koha item type Books
653 ## - INDEX TERM--UNCONTROLLED
Uncontrolled term Economic Development
Holdings
Withdrawn status Lost status Damaged status Not for loan Collection code Home library Current library Shelving location Date acquired Full call number Barcode Date last seen Copy number Price effective from Koha item type Public note
Withdrawn       REFECO Central Library and Information Centre Sibsagar Girls College Central Library and Information Centre Sibsagar Girls College Staff Office 05.02.1997 338.9 MIS 14228 27.02.2020 1 27.02.2020 Books V


Sibsagar Girl's College © 2020. All rights reserved.
Powered by Koha.
Maintained by Abhijit Borpuzari.